000 008040000a22002410004500
003 LK-CoMWRAF
005 20231030130720.0
008 230817t2000 ||||| |||| 00| 0 eng d
020 _a0894108638
040 _aLK-CoMWRAF
_dLK-CoMWRAF
_eLK-CoMWRAF
041 _aeng
082 _a809.3
_bBAN
100 _aBangura, Ahmed S.
245 _aIslam And the West African Novel:
_bThe Politics of Representation
260 _aColorado:
_bLynne Rienner Publishers,
_c2000
300 _aviii, 171 p. ; 24 cm.
_bBibliography, glossary and index included
650 _aWEST AFRICAN FICTION-History and criticism
650 _aIslam in literature.
650 _aIslam and politics--Africa, West.
650 _a Politics and literature--Africa,West
650 _aIslam--Africa, West--History
942 _cBK
999 _c1934
_d1934